Определение потенциально опасных элементов оболочковых конструкций; Безопасность жизнедеятельности; № 3

Bibliografische gegevens
Parent link:Безопасность жизнедеятельности: научно-практический и учебно-методический журнал.— , 2001-
№ 3.— 2003.— С. 7-9
Hoofdauteur: Захаров Н. М.
Andere auteurs: Евдокимов Г. И., Кузеев И. Р.
Taal:Russisch
Gepubliceerd in: 2003
Reeks:Промышленная безопасность
Onderwerpen:
Formaat: Hoofdstuk
KOHA link:https://koha.lib.tpu.ru/cgi-bin/koha/opac-detail.pl?biblionumber=385218

MARC

LEADER 00000naa2a2200000 4500
001 385218
005 20231101063338.0
035 |a (RuTPU)RU\TPU\prd\12887 
090 |a 385218 
100 |a 20030422a2003 k y0rusy50 ca 
101 0 |a rus 
102 |a RU 
200 1 |a Определение потенциально опасных элементов оболочковых конструкций  |f Н. М. Захаров, Г. И. Евдокимов, И. Р. Кузеев 
225 1 |a Промышленная безопасность 
320 |a Библиогр.: 2 назв. 
461 1 |0 (RuTPU)RU\TPU\prd\1137  |t Безопасность жизнедеятельности  |o научно-практический и учебно-методический журнал  |d 2001- 
463 1 |0 (RuTPU)RU\TPU\prd\12787  |t № 3  |v С. 7-9  |d 2003 
610 1 |a опасные элементы 
610 1 |a оболочковые конструкции 
610 1 |a трещины 
610 1 |a портативные приборы 
610 1 |a вихретоковый контроль 
610 1 |a чувствительность 
610 1 |a контролируемая поверхность 
675 |a 62-192:66.023.23  |v 3 
700 1 |a Захаров  |b Н. М. 
701 1 |a Евдокимов  |b Г. И. 
701 1 |a Кузеев  |b И. Р. 
801 1 |a RU  |b 63413507  |c 20030422  |g PSBO 
801 2 |a RU  |b 63413507  |c 20060727  |g PSBO 
942 |c BK